Giáo trình Quản lý kinh tế hộ : ( Dành cho nông dân và Khuyến nông cơ sở )

保存先:
書誌詳細
第一著者: Nguyễn, Ngọc Đệ
フォーマット: 図書
言語:Undetermined
出版事項: Cần Thơ Viện NC và Phát triển HTCT 2001
主題:
タグ: タグ追加
タグなし, このレコードへの初めてのタグを付けませんか!
Thư viện lưu trữ: Trung tâm Học liệu Trường Đại học Cần Thơ
LEADER 00659nam a2200205Ia 4500
001 CTU_50445
008 210402s9999 xx 000 0 und d
082 |a 338.16 
082 |b Đ250 
100 |a Nguyễn, Ngọc Đệ 
245 0 |a Giáo trình Quản lý kinh tế hộ : 
245 0 |b ( Dành cho nông dân và Khuyến nông cơ sở ) 
245 0 |c Nguyễn Ngọc Đệ 
260 |a Cần Thơ 
260 |b Viện NC và Phát triển HTCT 
260 |c 2001 
650 |a Developing countries 
650 |x Agricultural aspects 
904 |i H.Mai 
980 |a Trung tâm Học liệu Trường Đại học Cần Thơ